Biblioteca

A history of the church to A.D. 461 (Registro nro. 45699)

Detalles MARC
000 -LÍDER
Campo fijo de descripción fija 01085aam a2200313 i 4500
001 - NÚMERO DE CONTROL
Campo de control 768714001
003 - IDENTIFICADOR DEL NÚMERO DE CONTROL
Campo de control CO-MdFUSB
005 - FECHA Y HORA DE LA ULTIMA TRANSACCIÓN
control field 20201016122407.0
007 - CAMPO FIJO DE DESCRIPCIÓN FIJA--INFORMACIÓN GENERAL
Campo fijo de descripción fija ta
008 - ELEMENTOS DE LONGITUD FIJA -- INFORMACIÓN GENERAL
Campo fijo de descripción fija -- Información general 200512t1922 -us |||| |||| 00| 0 eng d
020 ## - NÚMERO INTERNACIONAL NORMALIZADO PARA LIBROS
Número Internacional Normalizado del libro [No incluiye ISBN]
040 ## - FUENTE DE CATALOGACIÓN
Idioma de catalogación spa.
Agencia de catalogación original CO-MdFUSB
Agencia que realiza la transcripción CO-MdFUSB
Agencia que realiza la modificación CO-MdFUSBC
Convenciones de la descripción rda
041 ## - CÓDIGO DE IDIOMA
Código de idioma para texto/pista de sonido o título separado eng
082 ## - NÚMERO DE CLASIFICACIÓN DECIMAL DEWEY
Número de la edición del Dewey 23
Número de clasificación 270.1
Clave de autor-Numero de item K464
100 1# - ASIENTO PRINCIPAL--NOMBRE PERSONAL
Nombre personal Kidd, B. J.
Término relacionador autor
245 10 - TÍTULO
Título del Material A history of the church to A.D. 461
Mención de responsabilidad, etc. / B. J. Kidd
264 #1 - PRODUCCIÓN, PUBLICACIÓN, DISTRIBUCIÓN, MANUFACTURA, Y COPYRIGHT
Lugar de producción, publicación, distribución, manufactura Oxford, Inglaterra :
Nombre del productor, publicador, distribuidor The Clarendon Press,
Fecha de producción, publicación, distribución, manufactura, o copyright [1922]
264 #4 - PRODUCCIÓN, PUBLICACIÓN, DISTRIBUCIÓN, MANUFACTURA, Y COPYRIGHT
Fecha de producción, publicación, distribución, manufactura, o copyright © 1922
300 ## - DESCRIPCIÓN FÍSICA
Extensión 3 Volúmenes
Dimensiones ; 23 cm
336 ## - TIPO DE CONTENIDO
Término de tipo de contenido texto
Código de tipo de contenido txt
Fuente rdacontent
337 ## - TIPO DE MEDIO
Fuente rdamedia
Nombre del tipo de medio sin mediación
Código del tipo de medio n
338 ## - TIPO DE SOPORTE
Fuente rdacarrier
Nombre del tipo de soporte volumen
Código Tipo de soporte nc
505 ## - NOTA DE CONTENIDO
Nota de contenido con formato preestablecido Volumen 1: Historia de la iglesia desde el imperio romano hasta A.D. 313 \ Volumen 2: Historia de la iglesia desde Constantino hasta A.D. 408 \ Volumen 3: Historia de la iglesia desde el principio del siglo V hasta A.D. 461
563 ## - NOTA DE ENCUADERNACIÓN
Nota de encuadernación Pasta dura
650 #0 - ASIENTO SECUNDARIO DE MATERIA - TERMINO TEMÁTICO
9 (RLIN) 153
Término temático o nombre geográfico como elemento de entrada Historia de la Iglesia
942 ## - TIPO DE MATERIAL (KOHA)
Tipo de Item KOHA Libros General
945 ## - INFORMACIÓN LOCAL DEL REGISTRO
Catalogador JTF-925
Existencias
Estado de Material Estado de Perdido Forma de Clasificación Volumen-Parte/Tomo Estado de Dañado No para Préstamo Colección Tomo Biblioteca de Origen Biblioteca Permanente Fecha de Adquisición Área Total de Préstamos Signatura Topográfica Código de Barras Última vez visto Ejemplar/Existencia Fecha de Remplazo Tipo de Material
    Dewey Decimal Classification 1     Colección General   Biblioteca FUSBC Biblioteca FUSBC 12/05/2020 HISTORIA DEL CRISTIANISMO   G 270.1 K464a 19365 12/12/2019 Vol.1, ej.1 26/01/2016 Libros Patrimoniales
    Dewey Decimal Classification 3     Colección General   Biblioteca FUSBC Biblioteca FUSBC 12/05/2020 HISTORIA DEL CRISTIANISMO   G 270.1 K464a 19369 12/12/2019 Vol.3, ej.1 26/01/2016 Libros Patrimoniales
    Dewey Decimal Classification 2     Colección General   Biblioteca FUSBC Biblioteca FUSBC 12/05/2020 HISTORIA DEL CRISTIANISMO   G 270.1 K464a 19368 12/12/2019 Vol.2, ej.1 26/01/2016 Libros Patrimoniales

Biblioteca FUSBC | Teléfono: (57+4) 349 88 10 Ext. 141| WhatsApp (+57) 3005338115 
E-mail: biblioteca@unisbc.edu.co | Calle 76 87-14 Robledo Palenque, Medellín, Colombia

Con tecnología Koha